<?xml version='1.0' encoding='UTF-8'?>
  <record xmlns="http://www.loc.gov/MARC21/slim">
    <leader>00000nem a2200000 i 4500</leader>
    <controlfield tag="001">ocn980375931</controlfield>
    <controlfield tag="003">OCoLC</controlfield>
    <controlfield tag="005">20260202153228.3</controlfield>
    <controlfield tag="008">110210s1736    ne        u     0   dut d</controlfield>
    <datafield tag="040" ind1=" " ind2=" ">
      <subfield code="a">QGJ</subfield>
      <subfield code="b">dut</subfield>
      <subfield code="c">QGJ</subfield>
      <subfield code="d">OCLCO</subfield>
      <subfield code="d">OCLCL</subfield>
      <subfield code="d">OCLCQ</subfield>
    </datafield>
    <datafield tag="035" ind1=" " ind2=" ">
      <subfield code="a">(OCoLC)980375931</subfield>
    </datafield>
    <datafield tag="084" ind1=" " ind2=" ">
      <subfield code="a">39.01</subfield>
      <subfield code="2">bcl</subfield>
    </datafield>
    <datafield tag="100" ind1="1" ind2=" ">
      <subfield code="a">Panser, S.J.</subfield>
      <subfield code="q">(Symon),</subfield>
      <subfield code="d">1696-1754.</subfield>
      <subfield code="1">https://id.oclc.org/worldcat/entity/E39PBJmTkkBvCWc7fHMktfFMyd</subfield>
    </datafield>
    <datafield tag="245" ind1="1" ind2="3">
      <subfield code="a">De loop van Mercurius om de zonne des jaars 1736 beneffens de verschyning in dezelve den 11 november des s’middags ;</subfield>
      <subfield code="b">Vertooninge van een aanmerkelyke maan eclips gevallende aº: 1736 den 26 maart savonts ; Vertooninge van de tweede geheele maans verduysteringe aº: 1736 tusschen den 19 en 20 septembr: snagts ; Vertooninge van de merkwaardige zons verduysteringe, invallende op den 4 october savonts 1739 /</subfield>
      <subfield code="c">Symon Panser, stads mathematicus, leermeester der navigatie en wiskonst tot Embden.</subfield>
    </datafield>
    <datafield tag="246" ind1="1" ind2=" ">
      <subfield code="a">Vertooninge van een aanmerkelyke maan eclips gevallende aº: 1736 den 26 maart savonts</subfield>
    </datafield>
    <datafield tag="246" ind1="1" ind2=" ">
      <subfield code="a">Vertooninge van de tweede geheele maans verduysteringe aº: 1736 tusschen den 19 en 20 septembr: snagts</subfield>
    </datafield>
    <datafield tag="246" ind1="1" ind2=" ">
      <subfield code="a">Vertooninge van de merkwaardige zons verduysteringe, invallende op den 4 october savonts 1739</subfield>
    </datafield>
    <datafield tag="264" ind1=" " ind2="1">
      <subfield code="a">te Amsterdam :</subfield>
      <subfield code="b">by R. en J. Ottens,</subfield>
      <subfield code="c">[1736]</subfield>
    </datafield>
    <datafield tag="300" ind1=" " ind2=" ">
      <subfield code="a">1 plano :</subfield>
      <subfield code="b">koperdiepdruk met zetsel, in kleur ;</subfield>
      <subfield code="c">55 x 60 cm</subfield>
    </datafield>
    <datafield tag="336" ind1=" " ind2=" ">
      <subfield code="a">cartografische afbeelding</subfield>
      <subfield code="b">cri</subfield>
      <subfield code="2">rdacontent/dut</subfield>
    </datafield>
    <datafield tag="337" ind1=" " ind2=" ">
      <subfield code="a">zonder medium</subfield>
      <subfield code="b">n</subfield>
      <subfield code="2">rdamedia/dut</subfield>
    </datafield>
    <datafield tag="338" ind1=" " ind2=" ">
      <subfield code="a">vel</subfield>
      <subfield code="b">nb</subfield>
      <subfield code="2">rdacarrier/dut</subfield>
    </datafield>
    <datafield tag="500" ind1=" " ind2=" ">
      <subfield code="a">Genummerd: Fig. 1 t/m Fig. 4.</subfield>
    </datafield>
    <datafield tag="500" ind1=" " ind2=" ">
      <subfield code="a">Met aan de rechterzijde gemonteerd een verklarende tekst: 'Verklaringe over den loop van Mercurius' en 'Verklaringe van de verduysteringe der Mane'.</subfield>
    </datafield>
    <datafield tag="510" ind1="0" ind2=" ">
      <subfield code="a">Muller 3751</subfield>
    </datafield>
    <datafield tag="510" ind1="0" ind2=" ">
      <subfield code="a">Knuttel 17030</subfield>
    </datafield>
    <datafield tag="650" ind1=" " ind2="7">
      <subfield code="a">Zon.</subfield>
      <subfield code="0">(NL-LeOCL)078968712.</subfield>
      <subfield code="2">gtt</subfield>
    </datafield>
    <datafield tag="650" ind1=" " ind2="7">
      <subfield code="a">Maan.</subfield>
      <subfield code="0">(NL-LeOCL)078580242.</subfield>
      <subfield code="2">gtt</subfield>
    </datafield>
    <datafield tag="650" ind1=" " ind2="7">
      <subfield code="a">Mercurius (planeet)</subfield>
      <subfield code="0">(NL-LeOCL)078588383.</subfield>
      <subfield code="2">gtt</subfield>
    </datafield>
    <datafield tag="650" ind1=" " ind2="7">
      <subfield code="a">Eclipsen.</subfield>
      <subfield code="0">(NL-LeOCL)078491681.</subfield>
      <subfield code="2">gtt</subfield>
    </datafield>
    <datafield tag="740" ind1="3" ind2=" ">
      <subfield code="a">De loop van Mercurius om de zonne des jaars 1736 beneffens de verschyning in dezelve den 11 november des s’middags.</subfield>
    </datafield>
    <datafield tag="856" ind1="4" ind2="1">
      <subfield code="u">http://objects.library.uu.nl/reader/resolver.php?obj=002336485&amp;type=2</subfield>
      <subfield code="x">Online</subfield>
      <subfield code="z">Map</subfield>
    </datafield>
    <datafield tag="936" ind1=" " ind2=" ">
      <subfield code="a">BATCHLOAD</subfield>
    </datafield>
  </record>